| 000 | 00986nam a2200265Ia 4500 | ||
|---|---|---|---|
| 003 | OSt | ||
| 005 | 20221005104413.0 | ||
| 006 | a|||||r|||| 00| 0 | ||
| 007 | ta | ||
| 008 | 221004b |||||||| |||| 00| 0 ben d | ||
| 024 | _a26463 | ||
| 037 |
_bGift, 06/05/2016, _cTextual |
||
| 040 |
_aCRL _cCRL _bben |
||
| 041 |
_2ben _aben |
||
| 082 | _aO157,3M76:g(Y15), 152J5;N3 | ||
| 100 | _aचतुर्वेदी, रामस्वरूप | ||
| 245 | 0 | _aशरत् के नारी पात्र | |
| 246 | _aSharat ke nārī pātra | ||
| 250 | _aसंस्करण 2 | ||
| 260 |
_aदिल्ली _bभारतीय ज्ञानपीठ प्रकाशन भारत _c1993 |
||
| 300 |
_a283पृ0 _ccm. |
||
| 650 | _aबंगाली साहित्य | ||
| 942 |
_hO157,3M76:g(Y15), 152J5;N3 _cTEXL _2cc |
||
| 999 |
_c1012610 _d1012610 |
||